000 00425nam a2200133Ia 4500
003 GCL
008 140319s9999 xx 000 0 ara d
040 _aGCL /
_cGCL
082 0 4 _a823.03
_bع ج
100 1 _aعلى فلا
245 1 0 _aالجريمة والعقاب: الرواية - الفيلم قراءة جديدة لدستويفسكى /
_cعلى فلا
300 _a142 ص
490 _aسلسلة رياح الشمال
_v0
999 _c47559
_d47559